000
00310nam a2200145Ia 4500
100
_a
Kumbhojkar/G.v
942
_c
BK
366
_f
10
654
_a
mathematics IV
245
_a
Applied Mathematics iv
260
_b
C.Jamnadas&co.
_a
Pune
_c
2007
082
_a
519//KUM
_b
KUM
546
_a
ENGLISH
999
_c
33377
_d
33377